Boletín de la Asociación de Demografía Histórica / (Record no. 399)
[ view plain ]
| 000 -LEADER | |
|---|---|
| campo de control de longitud fija | 01659nas a2200421 i 4500 |
| 001 - NÚMERO DE CONTROL | |
| campo de control | 399 |
| 003 - IDENTIFICADOR DE NÚMERO DE CONTROL | |
| campo de control | ES-MaACL |
| 005 - FECHA Y HORA DE LA ÚLTIMA TRANSACCIÓN | |
| campo de control | 20250814062536.0 |
| 007 - CAMPO FIJO DE DESCRIPCIÓN FÍSICA--INFORMACIÓN GENERAL | |
| campo de control de longitud fija | t| |
| 008 - DATOS DE LONGITUD FIJA--INFORMACIÓN GENERAL | |
| campo de control de longitud fija | 950801c1983 sp f| | 1 ||pa d |
| 022 ## - NÚMERO INTERNACIONAL NORMALIZADO PARA PUBLICACIONES SERIADAS | |
| Número Internacional Normalizado para Publicaciones Seriadas | 1696-702X |
| 080 ## - NÚMERO DE LA CLASIFICACIÓN DECIMAL UNIVERSAL | |
| Número de la Clasificación Decimal Universal | (460) |
| 080 ## - NÚMERO DE LA CLASIFICACIÓN DECIMAL UNIVERSAL | |
| Número de la Clasificación Decimal Universal | 93/99 |
| 080 ## - NÚMERO DE LA CLASIFICACIÓN DECIMAL UNIVERSAL | |
| Número de la Clasificación Decimal Universal | 31 |
| 080 ## - NÚMERO DE LA CLASIFICACIÓN DECIMAL UNIVERSAL | |
| Número de la Clasificación Decimal Universal | 06 |
| 245 00 - MENCIÓN DEL TÍTULO | |
| Título | Boletín de la Asociación de Demografía Histórica / |
| Mención de responsabilidad, etc. | [dir. David Reher y Vicente Pérez Moreda]. |
| 246 13 - FORMA VARIANTE DEL TITULO | |
| Título propio/Titulo breve | Revista de demografía histórica |
| 260 ## - PUBLICACIÓN, DISTRIBUCIÓN, ETC. | |
| Lugar de publicación, distribución, etc. | [Madrid : |
| Nombre del editor, distribuidor, etc. | Asociación de Demografia Histórica ; Facultad de Ciencias Políticas y Sociología, Universidad Complutense], |
| Fecha de publicación, distribución, etc. | 1983- |
| 300 ## - DESCRIPCIÓN FÍSICA | |
| Extensión | 14 v. ; |
| Dimensiones | 22 cm. |
| 310 ## - PERIODICIDAD ACTUAL | |
| Periodicidad actual | Semestral, |
| Fecha de comienzo de la periodicidad actual | 1996- |
| 321 ## - PERIODICIDAD ANTERIOR | |
| Periodicidad anterior | Cuatrimestral, |
| Fechas de la periodicidad anterior | 1983-1995 |
| 362 0# - FECHAS DE PUBLICACIÓN Y/O DESIGNACIÓN SECUENCIAL | |
| Fecha de publicación y/o designación secuencial | Año I (1983)- |
| 547 ## - NOTA DE RELACIÓN COMPLEJA CON LOS TÍTULOS ANTERIORES | |
| Nota de relación compleja con los títulos anteriores | Desde 2001 se titula: Revista de demografía histórica. |
| 650 17 - PUNTO DE ACCESO ADICIONAL DE MATERIA--TÉRMINO DE MATERIA | |
| Término de materia o nombre geográfico como elemento de entrada | Historia |
| Fuente del encabezamiento o término | embne |
| 9 (RLIN) | 179933 |
| 650 14 - PUNTO DE ACCESO ADICIONAL DE MATERIA--TÉRMINO DE MATERIA | |
| Término de materia o nombre geográfico como elemento de entrada | Estadística. |
| 9 (RLIN) | 12520 |
| 650 #4 - PUNTO DE ACCESO ADICIONAL DE MATERIA--TÉRMINO DE MATERIA | |
| Término de materia o nombre geográfico como elemento de entrada | Instituciones científicas y diversas |
| 9 (RLIN) | 13829 |
| 655 #7 - TERMINO DE INDIZACIÓN--GENERO/FORMA | |
| Fuente del término | tgfbne |
| 9 (RLIN) | 226866 |
| Datos o término principal de género/forma | Revistas |
| 700 1# - ENTRADA AGREGADA--NOMBRE PERSONAL | |
| Nombre de persona | Reher, David. |
| 9 (RLIN) | 95944 |
| 700 1# - ENTRADA AGREGADA--NOMBRE PERSONAL | |
| Nombre de persona | Pérez Moreda, Vicente. |
| 9 (RLIN) | 91042 |
| 710 00 - ENTRADA AGREGADA--NOMBRE DE ENTIDAD CORPORATIVA | |
| Nombre de entidad corporativa o nombre de jurisdicción como elemento de entrada | Asociación de Demografía Histórica ( |
| Sede del congreso/Lugar de la reunión | Madrid) |
| 9 (RLIN) | 1578 |
| 710 2# - ENTRADA AGREGADA--NOMBRE DE ENTIDAD CORPORATIVA | |
| Nombre de entidad corporativa o nombre de jurisdicción como elemento de entrada | Universidad Complutense de Madrid. |
| Unidad subordinada | Facultad de Ciencias Políticas y Sociología |
| 9 (RLIN) | 7118 |
| 852 ## - LOCALIZACIÓN | |
| Ubicación | ES-MaACL |
| Número de control de estantería | HEM-H-390 |
| Signatura antigua | Olim: HEM-1613 |
| Ubicación en estantería | Hemeroteca |
| itemnumber | 410 |
| Nota libre | Expurgado marzo 2025: posterior 1958, sin encuadernar; muy incompleta; en acceso abierto |
| 856 ## - LOCALIZACIÓN Y ACCESO ELECTRÓNICOS | |
| Identificador Uniforme de Recursos | <a href="https://dialnet.unirioja.es/servlet/revista?codigo=212">https://dialnet.unirioja.es/servlet/revista?codigo=212</a> |
| Texto de enlace | Sumarios de la revista en Dialnet |
| 866 #0 - MENCIÓN TEXTUAL DE FONDOS--UNIDAD BIBLIOGRÁFICA BÁSICA | |
| Fondos | 1984,2005-2006,2008 |
| 942 ## - ELEMENTOS DE ENTRADA SECUNDARIOS (KOHA) | |
| Fuente del sistema de clasificación o colocación | Clasificación decimal universal |
| Tipo de ítem Koha | Revista |
| Estatus retirado | Estado de pérdida | Fuente del sistema de clasificación o colocación | Estado de daño | No para préstamo | Colección | Biblioteca de origen | Biblioteca actual | Ubicación en estantería | Fecha de adquisición | Total de préstamos | Signatura topográfica completa | Código de barras | Visto por última vez | Precio de reemplazo | Tipo de ítem Koha |
|---|---|---|---|---|---|---|---|---|---|---|---|---|---|---|---|
| Expurgado | Clasificación decimal universal | Periódicos y Revistas | Biblioteca del Ateneo de Madrid | Biblioteca del Ateneo de Madrid | Hemeroteca | 17/01/2008 | HEM-H-390 | 1000409 | 23/02/2023 | 23/02/2023 | Revista |
